02880cam a22003258i 45000010009000000050017000090080041000260100017000670200018000840200018001020400023001200420008001430500023001510820017001741000024001912450096002152630009003113000024003204900066003445040051004105201490004616500040019516500023019917760143020149060045021579420033022029990017022359520151022529520151024032156518420220105101227.0200615s2021 nyu b 001 0 eng  a 2020027414 a9780367546076 z9781003094968 aDLCbengerdacDLC apcc00aBV5067 b.D93 202100a263/.0412231 aDyas, Dee,eauthor.14aThe dynamics of pilgrimage :bChristianity, holy places and sensory experience /cDee Dyas. a2010 ax, 356 p. ;c25 cm.0 aRoutledge studies in pilgrimage, religious travel and tourism aIncludes bibliographical references and index. a"This book offers a systematic, chronological analysis of the role played by the human senses in experiencing pilgrimage and sacred places, past and present. It thus addresses two major gaps in the existing literature, by providing a broad historical narrative against which patterns of continuity and change can be more meaningfully discussed, and focusing on the central, but curiously neglected, area of the core dynamics of pilgrim experience. Bringing together the still-developing fields of Pilgrimage Studies and Sensory Studies in a historically framed conversation, this interdisciplinary study traces the dynamics of pilgrimage and engagement with holy places from the beginnings of the Judaeo-Christian tradition to the resurgence of interest evident in twenty-first century England. Perspectives from a wide range of disciplines, from history to neuroscience, are used to examine themes including sacred sites in the Bible and Early Church; pilgrimage and holy places in early and later medieval England; the impact of the English Reformation; revival of pilgrimage and sacred places during the nineteenth and twentieth Centuries; and the emergence of modern place-centred, popular 'spirituality'. Addressing the resurgence of pilgrimage and its persistent link to the attachment of meaning to place, this book will be a key reference for scholars of Pilgrimage Studies, History of Religion, Religious Studies, Sensory Studies, Medieval Studies, and Early Modern Studies"-- 0aChristian pilgrims and pilgrimages. 0aChristian shrines.08iOnline version:aDyas, Dee,tThe dynamics of pilgrimagedAbingdon, Oxon ; New York, NY : Routledge, 2021.z9781003094968w(DLC) 2020027415 a7bcbccorignewd1eecipf20gy-gencatlg 2lcchBV5067 .D93 2021cBOOKS c30991d30991 00102lcc4070aMUCbMUCc%d2022-01-05eDonation (Rattansi Education Trust)g19396.55l0oBV5067 .D93 2021p23645r2022-01-12w2022-01-05yBOOKS 00102lcc4070aMUCbMUCc%d2022-01-05eDonation (Rattansi Education Trust)g19396.55l0oBV5067 .D93 2021p23646r2022-01-05w2022-01-05yBOOKS